000 00253nam a2200097Ia 4500
001 1025373
005 20250826231311.0
008 250824s9999 xx 000 0 und d
245 0 _aHADİ MASAL ANLATALIM
_cAYŞEGÜL DEDE
260 _bTAZE KİTAP YAYINLARI
999 _c1025373
_d1025373